000 00602cab a2200241 4500
001 X1630
008 090401t1994 xxu||||| |||| 00| 0 eng d
035 _a(Sirsi) u18243
041 _aeng
100 _aMatheou, D.
245 4 _aThe surveyor as peacemaker
260 _c1994
350 _a0
490 _aArchitects` Journal
_v200(5) 4 August 1994, 18-19(2)
650 _aPROFILE
650 _aRICS PRESIDENT
650 _aRICS
650 _aROY SWANSTON
650 _aSWANSTON R.
690 _aMANAGEMENT-BUSINESS MANAGEMENT-PROFESSIONAL PRACTICE
942 _n0
948 _c04/03/1997
999 _c12106
_d12106